La Montagna Dalle Sette Balze

में बचाया:
ग्रंथसूची विवरण
मुख्य लेखक: Thomas Merton
स्वरूप: पुस्तक
भाषा:अज्ञात या अवैध भाषा
प्रकाशित: Garzanti
टैग: टैग जोड़ें
कोई टैग नहीं, इस रिकॉर्ड को टैग करने वाले पहले व्यक्ति बनें!

MARC

LEADER 00000nam a2200000Ia 4500
001 R-1320
003 CODICE-MESSINA
005 20260212102505.0
008 260211s9999 xx 000 0 und d
040 |c importazione_messina 
100 |a Thomas Merton 
245 0 |a La Montagna Dalle Sette Balze 
260 |b Garzanti 
942 |2 ddc  |c BK 
952 |0 0  |1 0  |2 ddc  |4 0  |6 SCAFFALE_12_000000000000000__ROMANZI  |7 0  |9 32153  |a ME  |b ME  |d 2026-02-11  |l 0  |o SCAFFALE 12 - ROMANZI  |p R-1320  |r 2026-02-11 23:53:00  |w 2026-02-11  |x [REVISIONARE]  |y BK 
999 |c 27820  |d 27820